Rozpoznaj żużlowca po opisie - Statystyki

Ogólne statystyki
  • Ten quiz został rozwiązany 338 razy
  • Średni wynik to 12 z 18
Statystyki odpowiedzi
Opis Odpowiedź % Poprawnych
Popularny "Magic", wychowanek drużyny z Dolnego Śląska Maciej Janowski
99%
Od 3 lat zawodnik z najlepszą średnią w Ekstralidze, wicemistrz świata z 2018 roku Bartosz Zmarzlik
94%
Brytyjczyk, kilkukrotny mistrz świata, sponsorowany przez firmę Monster Tai Woffinden
87%
Austarlijczyk, spędził wiele sezonów w Toruniu, jeżdzi w nim razem z młodszym bratem Chris Holder
85%
Wychowanek Falubazu, posiada charakterystyczne zielono-czarne kolory na motocyklu i kevlarze Patryk Dudek
85%
Jedyny polski żużlowiec, który zwyciężył w plebiscycie Przeglądu Sportowego Tomasz Gollob
79%
Australijczyk, jeźdżił m. in. w Toruniu i Zielonej Górze; po kontuzji już nigdy nie wrócił do pełnej sprawności Darcy Ward
76%
Rosjanin, jego starszy brat był zawieszony za stosowanie dopingu Artem Laguta
74%
Zawodnik urodzony w Pile, wrócił do jazdy po kontuzji, w której złamał nogę w 8 miejscach Jarosław Hampel
69%
Urodzony w Częstochowie, indwidualny mistrz świata juniorów, jego ojciec to poularny Slammer Maksym Drabik
64%
Wychowanek Unii Leszno, urodzony w Śremie, numer 15 Bartosz Smektała
61%
Pierwszy polski złoty medalista indywidualnych mistrzostw świata Jerzy Szczakiel
59%
Indywidualny Mistrz Polski 2018 Piotr Pawlicki
59%
Legenda leszczyńskiej Unii, pochodzi z Antypodów Leigh Adams
54%
Jego żona jest aktorką, uczestnik kontrowersyjnego transferu Martin Vaculik
46%
Były żużlowiec, menadżer Janusza Kołodzieja Krzysztof Cegielski
45%
Zawodnik z Rawicza, autor słów: "Pojechałem jak pi**a" Sebastian Niedźwiedź
43%
Odkrycie sezonu 2018, wychowanek Unii Tarnów Jakub Jamróg
30%
Nie znaleziono quizów pasujących do podanych kryteriów
Rozkład punktacji
Procent ludzi z każdym wynikiem
Percentyl według liczby udzielonych odpowiedzi
Twoja historia wyników
Nie rozwiązałeś tego quizu